Una visión financiera de la Gerencia División de Pensiones /

Con la creación de la Gerencia División de Pensiones se inicia una nueva era para la Seguridad Socal, al ubicarse el Régimen de Invalidez, Vejez y Muerte en un lugar prioritario para el desarrollo de políticas institucionales. Para ello se creó una estructura organizativa que le dé apoyo al desarrol...

Ausführliche Beschreibung

Gespeichert in:
Bibliographische Detailangaben
1. Verfasser: Miranda Jiménez, Virya
Format: Text
Schlagworte:
Tags: Tag hinzufügen
Keine Tags, Fügen Sie den ersten Tag hinzu!

MARC

LEADER 00000 a a2200000 04500
001 8278
003
040
100 |a Miranda Jiménez, Virya  
245 |a Una visión financiera de la Gerencia División de Pensiones /  |c Virya Miranda Jiménez 
520 |a Con la creación de la Gerencia División de Pensiones se inicia una nueva era para la Seguridad Socal, al ubicarse el Régimen de Invalidez, Vejez y Muerte en un lugar prioritario para el desarrollo de políticas institucionales. Para ello se creó una estructura organizativa que le dé apoyo al desarrollo de las directrices en esta área de pensiones. En este sentido fueron creadas 3 áreas sustantivas: el área de prestaciones sociales cuyo fin es mejorar los servicios que se otorgan en el ámbito social a aquellas personas que se acogen a los beneficios que otorga este Régimen   |a el área de servicios, que administra el otorgamiento de las pensiones e incorpora la modernización de los sistemas de información y el área financiera, a través de la cual se generan parcialmente los recursos financieros del régimen. REV/LCL  
650 |a SEGURIDAD SOCIAL  
650 |a SEGUROS  
773 |g volumen 5, número 1; páginas 35-38  
999 |c 36895  |d 36895